000 00786nam a22002417a 4500
005 20130712163114.0
008 130712b2008 xxu||||| |||| 00| 0 spa d
020 _a9780816062171
041 _aeng
044 _axxu
082 _a333.73
_bD467g
100 1 _aDesonie, Dana
_9463
245 1 0 _aGeosphere :
_bthe land and its uses /
_cDana Desonie
260 _aNew York, NY :
_bChelsea House,
_cc2008
300 _axiv, 200 p. :
_bil., mapas;
_c24 cm.
490 _aOur fragile planet
504 _aIncluye referencias bibliográficas e índice
650 0 _aUsos de la tierra
_x Aspectos ambientales
_9464
650 0 _aNaturaleza
_x Efectos en los seres humanos
_9465
650 0 _aAdministración ambiental
_9466
650 0 _aDesarrollo sustentable
_9467
942 _2ddc
_cIMPRESO
999 _c7366
_d7366